02079nam a2200445Ia 4500001001200000003000800012006001900020007001500039008004100054010001700095020001800112020002600130040002100156035002100177050002400198082002400222245017900246260004400425300001700469504005100486533015200537650005300689650005300742650005600795650005200851650005200903650005500955650005701010650005701067650006001124650006301184650006301247650006601310655002901376710001601405710005001421710001701471856012601488999001901614ebr10364989CaPaEBRm u cr cn|||||||||090820s2010 dcu sb 001 0 eng d z 2009033126 z9780821376584 z9780821381564 (ebook) aCaPaEBRcCaPaEBR a(OCoLC)60988879214aHN49.C6bG44 2010eb04a307.1/41209172422200aGender and governance in rural servicesh[electronic resource] :binsights from India, Ghana, and Ethiopia /cthe World Bank and International Food Policy Research Institute. aWashington, D.C. :bWorld Bank,cc2010. axlii, 332 p. aIncludes bibliographical references and index. aElectronic reproduction.bPalo Alto, Calif. :cebrary,d2013.nAvailable via World Wide Web.nAccess may be limited to ebrary affiliated libraries. 0aRural development projectszIndiavCase studies. 0aRural development projectszGhanavCase studies. 0aRural development projectszEthiopiavCase studies. 0aRural womenxServices forzIndiavCase studies. 0aRural womenxServices forzGhanavCase studies. 0aRural womenxServices forzEthiopiavCase studies. 0aRural womenzIndiaxSocial conditionsvCase studies. 0aRural womenzGhanaxSocial conditionsvCase studies. 0aRural womenzEthiopiaxSocial conditionsvCase studies. 0aRural developmentxGovernment policyzIndiavCase studies. 0aRural developmentxGovernment policyzGhanavCase studies. 0aRural developmentxGovernment policyzEthiopiavCase studies. 7aElectronic books.2local2 aWorld Bank.2 aInternational Food Policy Research Institute.2 aebrary, Inc.40uhttp://site.ebrary.com/lib/rucke/Doc?id=10364989zAn electronic book accessible through the World Wide Web; click to view c112986d112986